| 000 | 00569nam a2200217Ia 4500 | ||
|---|---|---|---|
| 003 | OSt | ||
| 005 | 20241007083927.0 | ||
| 008 | 240925s9999 xx 000 0 und d | ||
| 020 | _aNA | ||
| 040 | _csd | ||
| 082 | _a796.44 MOY | ||
| 100 | _aMoyes ,A. G. | ||
| 245 | 0 | _aAustralian Batsmen: from Charles bannerman to Neil Harvey | |
| 250 | _aNA | ||
| 260 |
_aLondon: _bGeorge G. Harrap & Co. ltd _c,1954. |
||
| 300 |
_aVarious pages _bN.A _fOriginal |
||
| 500 | _aNA | ||
| 600 | _aHumanities & Natural Science | ||
| 650 | _aArts and Recreation | ||
| 942 |
_cBK _2ddc |
||
| 999 |
_c12111 _d12111 |
||